00538nam a2200193 a 4500001001300000003000900013005001700022008004100039020001200080082001700092100001700109245007800126260003400204300000900238500003500247505001000282650003500292700001700327nice12345678IN_TiNIC20260116011703.0050524s1970 oxfa grp 000 0 eng  ac448.500a291.422bZAE aZaehner, R C aConcordant Discordb Interdependence of Faiths Being the Gifford Lectures aOxfordbClarendon Pressc1970 a464p aincludes index and biblioraphy2 aIndex aComparative Religion-Mysticism1 aZaehner, R C